| 000 | 00369nam a2200145 i 4500 | ||
|---|---|---|---|
| 001 | bg | ||
| 100 | 1 | _aDOBROSIELSKI, Marian | |
| 245 | 0 |
_aBelgrad 77 : _bzadania, przebieg, wyniki / _cMarian Dobrosielski. |
|
| 260 |
_aWarszawa, _c1978. |
||
| 040 | _cBPK | ||
| 041 | _apol | ||
| 080 | _a327.36/.37(100)(061.3) | ||
| 942 | _cKS | ||
| 008 | s pl f |000 0 pol | ||
| 999 |
_c9612 _d9612 |
||
| 856 |
_uhttp://koha.tu.koszalin.pl/cgi-bin/koha/opac-detail.pl?biblionumber=9612 _yKatalog online BPK |
||